000 01020nam a2200277 i 4500
001 185311
003 SpMaBN
005 20250902225555.0
008 160519s2015 sp bd |||| |dspa d
020 _a978-84-92937-61-5
080 _a314(460)"18/20"
245 0 0 _aCambios en la estructura y localización de la población
_b: una visión de largo plazo (1842-2011) /
_cFrancisco J. Goerlich Gisbert, Francisco Ruiz González, Pilar Chorén Rodríguez, Carlos Albert Pérez.
250 _a1ª ed.
260 _aBilbao :
_bFundación BBVA,
_c2015.
300 _a354 p. :
_bgráf., mapas col. ;
_c24 cm.
500 _aGlosario.
500 _aÍndices.
504 _aBibliografía: p. 331-338.
651 7 _aEspaña-
_xPoblación-
_yS.XIX.
_9156718
651 4 _aEspaña-
_xPoblación-
_yS.XX.
_98392
700 1 _aGoerlich, Francisco J.
_957565
710 2 _aFundación BBVA
_94230
852 _aES-MaACL
_jA-13760
_9192336
_bR.151055
_cDEPO1
_dOlim: N-6760
942 _2udc
_cMONOGRAFIA
999 _c185311
_d185311